Kỹ thuật nuôi trâu

Trình bày những kỹ thuật nuôi, chăm sóc và phòng trị bệnh cho trâu thịt.

সংরক্ষণ করুন:
গ্রন্থ-পঞ্জীর বিবরন
প্রধান লেখক: Nguyễn, Văn Tuyến
বিন্যাস: গ্রন্থ
ভাষা:Undetermined
প্রকাশিত: Hà Nội Thanh niên 2012
বিষয়গুলি:
ট্যাগগুলো: ট্যাগ যুক্ত করুন
কোনো ট্যাগ নেই, প্রথমজন হিসাবে ট্যাগ করুন!
Thư viện lưu trữ: Trung tâm Học liệu Trường Đại học Cần Thơ
LEADER 00679nam a2200217Ia 4500
001 CTU_180746
008 210402s9999 xx 000 0 und d
020 |c 20000 
082 |a 636.293 
082 |b T527 
100 |a Nguyễn, Văn Tuyến 
245 0 |a Kỹ thuật nuôi trâu 
245 0 |c Nguyễn Văn Tuyến 
260 |a Hà Nội 
260 |b Thanh niên 
260 |c 2012 
520 |a Trình bày những kỹ thuật nuôi, chăm sóc và phòng trị bệnh cho trâu thịt. 
650 |a Cattle,Trâu 
650 |x Breeding,Chăn nuôi 
904 |i Duyên 
980 |a Trung tâm Học liệu Trường Đại học Cần Thơ